000 00830nam a2200241 u 4500
005 20210223131656.0
008 120216s2004 r 000 0 eng d
020 _a847901864X
035 _aUPN01000183452
049 _aCG
050 4 _aQL31 L4.2
_bL4.3
100 1 _aLeakey, Richard E.,
_d1944-
_920198
245 1 0 _aEn defensa de la vida salvaje :
_bmi lucha por salvar las riquezas naturales africanas /
_cRichard E. Leakey, Virginia Morell.
260 _aBarcelona, Esp. :
_bRBA,
_c2002.
300 _a318, [16] p. :
_bil.
534 _aTítulo original:
_bWildlife wars
600 1 4 _aLEAKEY, RICHARD E.,
_d1944-
_920198
650 4 _aCONSERVACIONISTAS DE LA VIDA SALVAJE -
_zKENYA
_920199
650 4 _aELEFANTE AFRICANO -
_zKENYA
_920200
700 1 _aMorell, Virginia,
_ecoaut.
905 _aLibro
999 _c155555
_d155555